| 000 | 01277cam a22003255a 4500 | ||
|---|---|---|---|
| 003 | EG-ScBUE | ||
| 005 | 20220525100857.0 | ||
| 008 | 131218s2000 enka f 000 0 eng d | ||
| 020 | _a0333757548 | ||
| 020 | _a9780333757543 | ||
| 040 |
_aEG-ScBUE _beng _erda _cEG-ScBUE _dEG-ScBUE |
||
| 082 | 0 | 4 |
_a428.24 _bKAY _222 |
| 100 | 1 |
_aKay, Sue, _eauthor. _913788 |
|
| 245 | 1 | 0 |
_aInside out / _cSue Kay, Vaughan Jones ; additional material by Jon Hird. |
| 246 |
_aInside out, _pStudent's book, _pIntermediate |
||
| 264 | 1 |
_aOxford : _bMacmillan Education, _c2000. |
|
| 300 |
_a159 pages : _bcolor illustrations ; _c28 cm |
||
| 336 |
_2rdacontent _atext _btxt |
||
| 337 |
_2rdamedia _aunmediated _bn |
||
| 338 |
_2rdacarrier _avolume _bnc |
||
| 520 | _aA classroom tested English-course for adults and young adults, "Inside Out" has been designed to develop real-life communicative skills and powers of self-expression. | ||
| 650 | 7 |
_aEnglish language _vTextbooks for foreign speakers. _2BUEsh |
|
| 650 | 7 |
_aEnglish language _xStudy and teaching _xForeign speakers. _2BUEsh |
|
| 651 | _2BUEsh | ||
| 653 |
_bHHUUEENN _cDecember2013 _cJuly2019 |
||
| 655 |
_vReading book _934232 |
||
| 700 | 1 |
_aJones, Vaughan, _eauthor. _913789 |
|
| 700 | 1 |
_aHird, Jon, _eeditor. _934681 |
|
| 942 |
_2ddc _cBB |
||
| 999 |
_c17866 _d17838 |
||